| 000 | 00676nam a22002177a 4500 | ||
|---|---|---|---|
| 003 | DO-SdBNP | ||
| 005 | 20221102145542.0 | ||
| 007 | ta | ||
| 008 | 221102b2022 dr a|||| |||| 00| 0 spa d | ||
| 020 | _a9789945809619 | ||
| 040 |
_aDO-SdBNP _bspa _cBNPHU |
||
| 082 | 4 | _222 | |
| 100 |
_982643 _aCarela Santiago, Luis Alberto |
||
| 245 | 1 | 0 |
_aPor qué soy pentecostal? / _cLuis Alberto Carela Santiago ; prólogo Edras Kelly |
| 260 |
_aSanto Domingo : _bGeneración bíblica, _c2022. |
||
| 300 |
_a92 p. ; _c21 cm. |
||
| 500 | _aIncluye referencias bibliográficas y notas al pie de las páginas | ||
| 590 | _ainventariado, 2022/BT | ||
| 910 | _aBtavárez | ||
| 942 |
_2ddc _cLBS1 |
||
| 999 |
_c52753 _d52753 |
||